Homenaxeados Día das Letras Galegas - Estadísticas

Estadísticas generales
  • Esta prueba ha sido intentada 47 veces
    37 desde el último reinicio
  • La puntuación promedio es 17 de 62
Estadísticas de respuestas
Imagen Respuesta % Correcto
Alfonso Daniel Rodríguez Castelao
100%
Rosalía de Castro
100%
Eduardo Pondal
88%
Manuel Curros Enríquez
56%
Celso Emilio Ferreiro
48%
Manuel María
48%
Manuel Murguía
48%
Vicente Risco
48%
Álvaro Cunqueiro
44%
Manuel Antonio
44%
Ramón Cabanillas
44%
Ramón Otero Pedrayo
44%
Uxío Novoneyra
44%
Antonio Noriega Varela
40%
Eduardo Blanco Amor
40%
Frei Martín Sarmiento
40%
Luísa Villalta
40%
Afonso X o Sabio
36%
Ricardo Carballo Calero
36%
Ánxel Fole
32%
Xela Arias
32%
Carlos Casares
28%
Roberto Vidal Bolaño
28%
Fermín Bouza-Brey
24%
Florentino López Cuevillas
24%
Lois Pereiro
24%
Luís Seoane
24%
Manuel Lugrís Freire
24%
Antón Fraguas
20%
Antón Losada Diéguez
20%
Antón Villar Ponte
20%
Francisco Fernández del Riego
20%
Luís Amado Carballo
20%
Luís Pimentel
20%
Manuel Leiras Pulpeiro
20%
María Victoria Moreno
20%
Rafael Dieste
20%
Valentín Lamas Carvajal
20%
Antón Avilés de Taramancos
16%
Antonio López Ferreiro
16%
Aquilino Iglesia Alvariño
16%
Florencio Delgado Gurriarán
16%
Francisco Añón
16%
Lorenzo Varela
16%
Trobadores da Ría de Vigo
16%
Valentín Paz Andrade
16%
Xosé Filgueira Valverde
16%
Xosé María Álvarez Blázquez
16%
Armando Cotarelo Valledor
12%
Eladio Rodríguez González
12%
Francisca Herrera Garrido
12%
Gonzalo López Abente
12%
Manuel Lago González
12%
Marcial Valladares
12%
María Mariño
12%
Roberto Blanco Torres
12%
Xoán Manuel Pintos
12%
Xoán Vicente Viqueira
12%
Xosé María Díaz Castro
12%
Ramón Piñeiro
8%
Xaquín Lorenzo
8%
Xesús Ferro Couselo
8%
No se encontraron pruebas coincidentes
Distribución de puntuación
Porcentaje de gente con cada puntuación
Porcentaje por número respondido
Historial de tus puntuaciones
No has intentado esta prueba desde el último reinicio